Sociology : (Record no. 17566)
[ view plain ]
| 000 -LEADER | |
|---|---|
| fixed length control field | 00658cam a2200217 a 4500 |
| 001 - CONTROL NUMBER | |
| control field | 17384016 |
| 005 - DATE AND TIME OF LATEST TRANSACTION | |
| control field | 20130929140243.0 |
| 008 - FIXED-LENGTH DATA ELEMENTS--GENERAL INFORMATION | |
| fixed length control field | 120712s2013 nyua 000 0 eng |
| 020 ## - INTERNATIONAL STANDARD BOOK NUMBER | |
| International Standard Book Number | 9780078026768 (pbk. : alk. paper) |
| 020 ## - INTERNATIONAL STANDARD BOOK NUMBER | |
| International Standard Book Number | 0078026768 |
| 082 00 - DEWEY DECIMAL CLASSIFICATION NUMBER | |
| Classification number | 301 |
| Edition number | 23 |
| Item number | HUG |
| 100 1# - MAIN ENTRY--PERSONAL NAME | |
| Personal name | Hughes, Michael |
| Fuller form of name | (Michael D.) |
| 9 (RLIN) | 33789 |
| 245 10 - TITLE STATEMENT | |
| Title | Sociology : |
| Remainder of title | the core / |
| Statement of responsibility, etc | Michael Hughes, Carolyn J. Kroehler. |
| 250 ## - EDITION STATEMENT | |
| Edition statement | 11th ed. |
| 260 ## - PUBLICATION, DISTRIBUTION, ETC. (IMPRINT) | |
| Place of publication, distribution, etc | New York, NY : |
| Name of publisher, distributor, etc | McGraw-Hill, |
| Date of publication, distribution, etc | c2013. |
| 300 ## - PHYSICAL DESCRIPTION | |
| Extent | xxvi, 534 p. : |
| Other physical details | ill. ; |
| Dimensions | 23 cm. |
| 650 #0 - SUBJECT ADDED ENTRY--TOPICAL TERM | |
| Topical term or geographic name as entry element | Sociology. |
| 9 (RLIN) | 33790 |
| 653 ## - INDEX TERM--UNCONTROLLED | |
| Resource For college | |
| Arrived date list | September2013 |
| 700 1# - ADDED ENTRY--PERSONAL NAME | |
| Personal name | Kroehler, Carolyn J. |
| 9 (RLIN) | 33791 |
| 942 ## - ADDED ENTRY ELEMENTS (KOHA) | |
| Source of classification or shelving scheme | Dewey Decimal Classification |
| Item type | Book - Borrowing |
| Withdrawn status | Item status | Source of classification or shelving scheme | Damaged status | Not for loan | Vendor | Home library | Current library | Shelving location | Date acquired | Source of acquisition | Total Checkouts | Full call number | Barcode | Date last seen | Date last borrowed | Koha item type | Total Renewals | Checked out |
|---|---|---|---|---|---|---|---|---|---|---|---|---|---|---|---|---|---|---|
| Dewey Decimal Classification | Baccah | Central Library | Central Library | First floor | 29/09/2013 | 2 | 301 HUG | 000029060 | 15/07/2025 | 18/12/2013 | NB - Book (Non borrowing) | |||||||
| Dewey Decimal Classification | Baccah | Central Library | Central Library | First floor | 29/09/2013 | 17 | 301 HUG | 000029061 | 15/07/2025 | 08/10/2017 | Book - Borrowing | 46 | ||||||
| Dewey Decimal Classification | Baccah | Central Library | Central Library | First floor | 29/09/2013 | 16 | 301 HUG | 000029062 | 15/07/2025 | 04/12/2019 | Book - Borrowing | 41 | ||||||
| Dewey Decimal Classification | Baccah | Central Library | Central Library | First floor | 29/09/2013 | 20 | 301 HUG | 000029063 | 15/07/2025 | 08/10/2017 | Book - Borrowing | 17 | ||||||
| Dewey Decimal Classification | Baccah | Central Library | Central Library | First floor | 29/09/2013 | 17 | 301 HUG | 000029064 | 15/07/2025 | 26/11/2018 | Book - Borrowing | 16 | ||||||
| Dewey Decimal Classification | Baccah | Central Library | Central Library | First floor | 29/09/2013 | 14 | 301 HUG | 000029065 | 15/07/2025 | 02/05/2017 | Book - Borrowing | 35 | ||||||
| Dewey Decimal Classification | Baccah | Central Library | Central Library | First floor | 29/09/2013 | 9 | 301 HUG | 000029066 | 15/07/2025 | 07/09/2016 | Book - Borrowing | 11 | ||||||
| Dewey Decimal Classification | Baccah | Central Library | Central Library | First floor | 29/09/2013 | 17 | 301 HUG | 000029067 | 15/07/2025 | 13/03/2017 | Book - Borrowing | 36 | ||||||
| Lost and Paid For | Dewey Decimal Classification | Baccah | Central Library | Central Library | First floor | 29/09/2013 | 14 | 301 HUG | 000029068 | 06/09/2020 | 19/03/2017 | Book - Borrowing | 16 | |||||
| Dewey Decimal Classification | Baccah | Central Library | Central Library | First floor | 29/09/2013 | 12 | 301 HUG | 000029069 | 02/12/2018 | 02/12/2018 | Book - Borrowing | 28 | 19/01/2019 |